00419nam a2200145Ia 4500008004100000020002200041041001200063100001900075245009700094250000900191260003300200300000800233650001600241700001600257221220s9999 xx 000 0 und d a978-93-85039-43-0 aEnglish aS. C. Rangwala 0aTown Planning - A Text Book for Engineering Student 31st Ed.cby S. C. Rangwala, K. B. Dalal a31st bCharotar Pub.aGujaratc2021 a256 aBE Computer aK. B. Dalal